01073nam a2200229 a 45000010005000000030009000050080041000140200015000550400028000700820022000981000033001202450061001532600031002143000014002455000054002595050406003136500016007196500024007356500034007596500022007936500028008157368CO-ViMGA141112s2004 ck r 000 u spa d a9682453488 aCO-ViMGAbspacCO-ViMGA04aMEVIECAR.64 H375t1 aHernández Jimenez, Ricardo10aTaller de computación / cHernández Jimenez Ricardo  aMexico : bTrillas, c1996 a3 v. : il aSolicitar el ejemplar de la tabla de contenido.  aVOL.(1)Elementos básicos : Historia de la computación electrónica - Tipos de computadoras - Partes de una computadora - Sistema operativo - Teleproceso - Código de caracteres ASCII VOL.(2)MS - DOS y programas de aplicación : Taller de word Star - Taller de Lotus 1 - 2 - 3 VOL.(3)Diagramación lógica, progamación y sistemas : Programación en Basic - Análisis y diseño de sistemas14aCOMPUTACION14aDIAGRAMACION LOGICA14aDOS Y PROGRAMAS DE APLICACION14aELEMENTOS BASICOS14aPROGRAMACION Y SISTEMAS